No nonsense : XML web development with PHP (Record no. 33062)

MARC details
000 -LEADER
fixed length control field 00480nam a2200181Ia 4500
020 ## - INTERNATIONAL STANDARD BOOK NUMBER
ISBN 097524020X
050 ## - CALL MARK
Classification number QA 76.76 .H94 .M94/
100 ## - STATEMENT OF RESPONSIBILITY--MAIN AUTHOR NAME
Personal name Myer, Thomas
245 #0 - TITLE STATEMENT
Title No nonsense : XML web development with PHP
260 ## - PUBLICATION, DISTRIBUTION, ETC. (IMPRINT)
Place of publication Australia
260 ## - PUBLICATION, DISTRIBUTION, ETC. (IMPRINT)
Name of publisher SitePoint Pty
260 ## - PUBLICATION, DISTRIBUTION, ETC. (IMPRINT)
Year of publication 2005
300 ## - PHYSICAL DESCRIPTION
Number of Pages 354 p
650 ## - SUBJECT ADDED ENTRY--TOPICAL TERM
Topical Term XML (Document markup language) Web sites Programming.
942 ## - ADDED ENTRY ELEMENTS (KOHA)
Koha item type Books
Holdings
Withdrawn status Lost status Source of classification or shelving scheme Damaged status Not for loan Permanent Location Current Location Date acquired Accession Number Price effective from Koha item type
    Library of Congress Classification     NILE UNIVERSITY OF NIGERIA - MAIN LIBRARY NILE UNIVERSITY OF NIGERIA - MAIN LIBRARY 04/23/2025 0001331 04/23/2025 Books